| 000 | 00357nam a22000977a 4500 | ||
|---|---|---|---|
| 008 | 130911b xxu||||| |||| 00| 0 eng d | ||
| 010 | _aCACAF-66 | ||
| 245 | _aCourt of Appeal Civil Appeal No. 18 of 2009 Engineer Ephraim Turinawe, Dewark Limited vs Molly Kyalikunda Turinawe and others | ||
| 260 |
_aCourt of Appeal Kampala _c20/11/2009 |
||
| 500 | _3Justice Kitumba | ||
| 999 |
_c5744 _d5744 |
||